• 首页
  • 本馆介绍
  • 公告通知
  • 最新文献
  • 馆藏检索
  • 电子资源
  • 读者导购
  • 参考咨询
  • 我的图书馆
  • 登录
  • 详细信息显示
  • 放入我的书架
  • 预约/预借图书
  • 作者相关作品
  • 分类相关作品
  • 丛书相关作品
  • 出版社相关作品

书目信息

  • 表格格式
  • 工作单格式
  • 卡片格式
题名:
优秀班集体的建设与维护
    
 
作者: 本书编写组编
分册:  
出版信息: 广州   广东世界图书出版公司  2011
页数: 175页
开本: 23cm
丛书名: 班级活动管理丛书
单 册:
中图分类: G632.42 , G632.4
科图分类:
主题词: 班级--建设--中小学 , 班级
电子资源:
ISBN: 978-7-5100-2993-6
000 00852nam0 22002531 450
001 2344315267
005 20231120202010.85
010    @a978-7-5100-2993-6@dCNY38.80
100    @a20120716d2011 em y0chiy50 ea
101 0  @achi
102    @aCN@b440000
105    @ay z 000yy
200 1  @a优秀班集体的建设与维护@9you xiu ban ji ti de jian she yu wei hu@f本书编写组编
210    @a广州@c广东世界图书出版公司@d2011
215    @a175页@d23cm
225 1  @a班级活动管理丛书@f王立群,周作宇主编
330    @a本书内容包括有“班级发展的高级组织形式——班集体”,“确立班集体建设目标”,“建立班级组织结构”、“用制度来管理班级、有效开展班级活动”等。
461  0 @12001 @a班级活动管理丛书
606 0  @a班级@x建设@x中小学
606 0  @a班级
690    @aG632.42@v5
690    @aG632.4@v4
801  0 @aCN@b91MARC@c20130904
905    @aBZT@dG632.4@e10
    
    优秀班集体的建设与维护/本书编写组编.-广州:广东世界图书出版公司,2011
    175页;23cm.-(班级活动管理丛书/王立群,周作宇主编)
    
    
    ISBN 978-7-5100-2993-6:CNY38.80
    本书内容包括有“班级发展的高级组织形式——班集体”,“确立班集体建设目标”,“建立班级组织结构”、“用制度来管理班级、有效开展班级活动”等。
●
相关链接 在五车中查询图书 在当当中查询图书 在豆瓣中查询图书


正题名:优秀班集体的建设与维护     索取号:G632.4/10         预约/预借

序号 登录号 条形码 馆藏地/架位号 状态 备注
1 2000975868   2000975868   中教第一批/山东中教(第二书库)/186/ [索取号:G632.4/10] 在馆    
2 2000975869   2000975869   中教第一批/山东中教(第二书库)/186/ [索取号:G632.4/10] 在馆    
3 2000975870   2000975870   中教第一批/山东中教(第二书库)/186/ [索取号:G632.4/10] 在馆    
4 2000975871   2000975871   中教第一批/山东中教(第二书库)/186/ [索取号:G632.4/10] 在馆    
5 2000975872   2000975872   中教第一批/山东中教(第二书库)/186/ [索取号:G632.4/10] 在馆    
6 2000975873   2000975873   中教第一批/山东中教(第二书库)/186/ [索取号:G632.4/10] 在馆    
山东省滨州职业学院图书馆 欢迎您!
大连网信软件有限公司© 版权所有